Tsugaru no minzoku /
Saved in:
| Main Author: | |
|---|---|
| Format: | Book |
| Language: | Japanese |
| Published: |
Tōkyō :
Yoshikawa Kōbunkan,
Shōwa 45 [1970]
|
| Subjects: | |
| Tags: |
Add Tag
No Tags, Be the first to tag this record!
|
| LEADER | 00868nam a2200229ua 4500 | ||
|---|---|---|---|
| 001 | 007719901-4 | ||
| 005 | 20024617120653.0 | ||
| 008 | 921019s1970 ja ab b 000 0 jpn d | ||
| 035 | 0 | |a ocm26958401 | |
| 040 | |a NN |c NN |d MoSW |d *YNH* |d CStRLIN | ||
| 100 | 1 | |6 880-01 |a Wakamori, Tarō, |d 1915-1977. | |
| 245 | 1 | 0 | |6 880-02 |a Tsugaru no minzoku / |c Wakamori Tarō hen. |
| 260 | |6 880-03 |a Tōkyō : |b Yoshikawa Kōbunkan, |c Shōwa 45 [1970] | ||
| 300 | |a 8, 446 p. : |b ill., maps ; |c 27 cm. | ||
| 504 | |a Includes bibliographical references. | ||
| 651 | 0 | |6 880-04 |a Aomori-ken (Japan) |x Social life and customs. | |
| 880 | 1 | |6 100-01 |a 和歌森太郎, |d 1915-1977. | |
| 880 | 1 | 0 | |6 245-02 |a 津軽の民俗 / |c 和歌森太郎編. |
| 880 | |6 260-03 |a 東京 : |b 吉川弘文館, |c 昭和45 [1970] | ||
| 880 | 0 | |6 651-04 |a 青森県 (Japan) |x Social life and customs. | |
| 988 | |a 20021217 | ||
| 906 | |0 OCLC | ||


